000 00620nam a2200169 i 4500
001 67834
003 ES-MaACL
005 20230906170145.0
007 t|
008 040206s1939 sp ||||1| spa d
100 1 _aGallart Folch, Alejandro.
_953513
245 1 4 _aLos principios fundamentales del fuero del trabajo /
_cAlejandro Gallart Folch ; con un prólogo de Francisco Sènz de Tejada, Barón de Benasque.
260 _aBarcelona :
_b[s.n.,
_c1939] (
_fImp. Clarassó)
300 _a115 p. ;
_c20 cm.
700 1 _aSáenz de Tejada, Francisco
_c, Barón de Benasque.
_9133075
852 _aES-MaACL
_jA-5123
_bR.18033
999 _c67834
_d67834